MARC details
| 000 -LEADER |
| campo de control de longitud fija |
01954cac a2200229 a 4500 |
| 003 - IDENTIFICADOR DE NÚMERO DE CONTROL |
| campo de control |
Co-PeBPM |
| 005 - FECHA Y HORA DE LA ÚLTIMA TRANSACCIÓN |
| campo de control |
20240828200540.0 |
| 007 - CAMPO FIJO DE DESCRIPCIÓN FÍSICA--INFORMACIÓN GENERAL |
| campo de control de longitud fija |
ta |
| 008 - DATOS DE LONGITUD FIJA--INFORMACIÓN GENERAL |
| campo de control de longitud fija |
231129s1982||||xx |||||||||||||| ||spa|| |
| 020 ## - NÚMERO INTERNACIONAL ESTÁNDAR DEL LIBRO |
| Número Internacional Estándar del Libro |
848920914X |
| 040 ## - FUENTE DE CATALOGACIÓN |
| Centro catalogador/agencia de origen |
Co-PeBPM |
| Lengua de catalogación |
spa |
| Centro/agencia transcriptor |
Co-PeBPM |
| Normas de descripción |
rda |
| 082 ## - NÚMERO DE LA CLASIFICACIÓN DECIMAL DEWEY |
| Número de clasificación |
070.44 C112m |
| Número de edición |
22 |
| 100 ## - ENTRADA PRINCIPAL--NOMBRE DE PERSONA |
| Nombre de persona |
Caballero-Klim, Lucas |
| Término indicativo de función/relación |
autor |
| 245 #0 - MENCIÓN DEL TÍTULO |
| Título |
Memorias de un amnésico |
| Mención de responsabilidad, etc. |
/ Lucas Caballero-Klim |
| 260 ## - PUBLICACIÓN, DISTRIBUCIÓN, ETC. |
| Lugar de publicación, distribución, etc. |
Bogotá, Colombia |
| Nombre del editor, distribuidor, etc. |
: El Áncora Editores, |
| Fecha de publicación, distribución, etc. |
1982 |
| 264 ## - PRODUCCIÓN, PUBLICACIÓN, DISTRIBUCIÓN, FABRICACIÓN Y COPYRIGHT |
| Producción, publicación, distribución, fabricación y copyright |
Bogotá Colombia : El íncora Editores |
| 300 ## - DESCRIPCIÓN FÍSICA |
| Extensión |
177 páginas |
| Otras características físicas |
Ilustraciones en blanco y negro |
| Dimensiones |
20 centímetros |
| 500 ## - NOTA GENERAL |
| Nota general |
Incluye índice |
| 520 ## - RESUMEN, ETC. |
| Sumario, etc. |
«Satie ha dicho que el piano, "como el dinero, no resulta agradable más que a quien lo toca": eso tranquiliza a alguien como yo, malquistado de nacimiento con la música instrumental. Eso hace también que lamente haber comprendido demasiado tarde, después de su muerte, al individuo excepcional que fue y al que un telón de espinas -su malicia, sus estudiados tics- me ocultaba... El tránsito del siglo XIX al XX no ha producido ninguna evolución de espíritu tan fascinante como la suya. Tendida entre dos puntos extremos, los místicos y Platón, durante treinta años la fatalidad del espíritu moderno ha consistido en hacer vibrar la cuerda de Satie al unísono con las de su compatriota Alphonse Allais y, más aún, de Alfred Jarry. No conozco mayor escuela de libertad con respecto a todas las convenciones, ni otra sonrisa más traviesa y, a la postre, tan punzante por encima del abismo interior, de negrísima especie, del que se escapa la bandada de sus dibujos e inscripciones caligrafiadas en absoluta soledad -"todo de fundición", a la vez tan graciosos y tan inquietantes-, que esperan desde hace tiempo un inventario completo y un análisis riguroso.» (André Breton,1955) |
| 650 14 - PUNTO DE ACCESO ADICIONAL DE MATERIA--TÉRMINO DE MATERIA |
| Término de materia o nombre geográfico como elemento de entrada |
Crónica periodística |
| Fuente del encabezamiento o término |
Lemb |
| Subdivisión geográfica |
Colombia |
| 942 ## - ELEMENTOS DE ENTRADA SECUNDARIOS (KOHA) |
| Fuente del sistema de clasificación o colocación |
Clasificación Decimal Dewey |
| Tipo de ítem Koha |
Libros |